British Birds by Picture - Petrels and Shearwaters - Statistics

General Stats
  • This quiz has been taken 6 times
  • The average score is 11 of 20
Answer Stats
Picture Hint Answer % Correct
Calonectris borealis Cory's Shearwater
100%
Ardenna gravis Great Shearwater
100%
Puffinus puffinus Manx Shearwater
100%
Fulmarus glacialis (*) Northern Fulmar
100%
Thalassarche chlorahynchos (*) Atlantic Yellow-Nosed Albatross
75%
Thalassarche melanophris (*) Black-Browed Albatross
75%
Oceanites oceanicus Wilson's Storm Petrel
75%
Puffinus yelkouan Yelkouan Shearwater
75%
Puffinus mauretanicus Balearic Shearwater
50%
Hydrobates castro Band-Rumped Storm Petrel
50%
Calonectris diomedea Scopoli's Shearwater
50%
Ardenna grisea Sooty Shearwater
50%
Pelagodroma marina White-Faced Storm Petrel
50%
Hydrobates pelagicus European Storm Petrel
25%
Hydrobates leucorhous Leach's Storm Petrel
25%
Pterodroma mollis Soft-Plumaged Petrel
25%
Pterodroma madeira Zino's Petrel
25%
Pterodroma hasitata Black-Capped Petrel
0%
Hydrobates monorhis Swinhoe's Storm Petrel
0%
Procellaria aequinoctialis White-Chinned Petrel
0%
No matching quizzes found
Score Distribution
Percent of People with Each Score
Percentile by Number Answered
Your Score History
You have not taken this quiz